Países de Europa en Orden Alfabético - Estadísticas

Estadísticas generales
  • Esta prueba ha sido intentada 645 veces
  • La puntuación promedio es 34 de 45
Estadísticas de respuestas
Letra País % Correcto
A Albania
98%
A Alemania
94%
A Andorra
92%
B Bélgica
90%
D Dinamarca
87%
A Austria
86%
F Finlandia
84%
F Francia
84%
B Bielorrusia
83%
B Bulgaria
83%
E Eslovenia
82%
E España
82%
E Estonia
82%
I Irlanda
82%
K Kosovo
82%
L Letonia
82%
B Bosnia y Herzegovina
81%
E Eslovaquia
81%
G Grecia
81%
C Croacia
80%
H Hungría
80%
I Islandia
80%
L Lituania
79%
I Italia
76%
L Luxemburgo
75%
M Macedonia del Norte
75%
L Liechtenstein
74%
N Noruega
74%
U Ucrania
74%
P Polonia
71%
P Portugal
71%
M Malta
69%
M Mónaco
69%
M Montenegro
69%
R Rumania
69%
R Rusia
69%
S Suecia
69%
S Suiza
69%
S Serbia
66%
M Moldavia
65%
C Ciudad del Vaticano
64%
P Países Bajos
64%
S San Marino
64%
R República Checa
60%
R Reino Unido
57%
No se encontraron pruebas coincidentes
Distribución de puntuación
Porcentaje de gente con cada puntuación
Porcentaje por número respondido
Historial de tus puntuaciones
No has intentado esta prueba.